=LDR 00000nam 2200000 4500 =001 INLIS000000000049981 =005 20170413134621.0 =006 =007 =008 =020 ##$$a 978-602-9276-84-8 =035 ##$$0010-041700000000171 =040 ##$$a NBPDMAT =082 ##$$a 297.810 90 =090 ##$$a 297.810 90 $bAbd k =100 ##$$a Abdul Aziz Sukarnawadi =245 ##$$a Kertas-kertas berdawat emas $b : mengenal lebih dari 250 kitab langka Ahlussunnah Wal Jamaah $c / H. Abdul Aziz Sukarnawadi, MA. =250 ##$$a Cet. 1 =260 ##$$a Yogyakarta $b Samudra Biru $c 2016 =300 ##$$a viii, 258 hlm. : $b ilus. ; $c 21 cm =650 ##$$a Ahlussunnah Waljama'ah - Kitab Langka =850 ##$$a NBPDMAT =990 ##$$a 21605320 =990 ##$$a 21605321 =990 ##$$a 21605322 =990 ##$$a 21605323 =990 ##$$a 21605324 =990 ##$$a 124/46/2017 =990 ##$$a 21605321 =990 ##$$a 21605322 =990 ##$$a 21605323 =990 ##$$a 21605324 =990 ##$$a 124/46/2017 =990 ##$$a 124/46/2017 =990 ##$$a 21605322 =990 ##$$a 21605323 =990 ##$$a 21605324 =990 ##$$a 124/46/2017 =990 ##$$a 124/46/2017 =990 ##$$a 124/46/2017 =990 ##$$a 21605323 =990 ##$$a 21605324 =990 ##$$a 124/46/2017 =990 ##$$a 124/46/2017 =990 ##$$a 124/46/2017 =990 ##$$a 124/46/2017 =990 ##$$a 21605324 =990 ##$$a 124/46/2017 =990 ##$$a 124/46/2017 =990 ##$$a 124/46/2017 =990 ##$$a 124/46/2017 =990 ##$$a 124/46/2017